01149nam a22001817a 4500003000500000005001700005008004100022020002200063082001600085100002300101245004200124260002800166300002100194505058100215942001200796999001900808952014000827NUST20221208103912.0221208b ||||| |||| 00| 0 eng d a978-81-203-4849-3 a530.23, VER aVerma, N.K9104427 aPhysics for Engineering: cN.K Verma  aIndiabPHI Press c2014 axxi, 573: pages  aSpecial Theory of Relativity (Page-1), Nuclear Physics (Page-35), Quantum Physics (Page-67), Elements of Crystallography (Page-123), Free Electronic Theory of Metals (Page-151), Magnetic Materials and Superconductivity (Page-167), Band Theory of Solids (Page-189), Semiconductors (Page-199), Dielectrics (Page-216), Nanophysics (Page-234), Electromagnetic Waves (Page-257), Interference (Page-304), Diffraction (Page-350), Polarisation (Page-387), Lasers (Page-423), Fiber Optics (Page-468), Ultrasonics (Page-488), Acoustics of Building (Page-505), Oscillations (Page-525). 2ddccBK c592628d592628 00102ddc4070aMCSbMCScGENd2022-12-08l3o530.23, VERpMCS37723r2025-06-27s2025-06-12w2022-12-08yBKzAlmirah No.16, Shelf No.1